00317nam a2200121Ia 4500008004100000020002200041041000800063082002400071100001800095245003600113260003700149300000900186230411s9999 xx 000 0 und d a978-93-86107-90-9 aeng aOG/618.1/KON/B08478 aSharma Rimple aEssentials of Pediatric Nursing bJaypee BrothersaNew Delhic2017 a693p